00976nam a2200265 a 450000100060000000300080000600500170001400800410003102000320007203500190010404000320012304100110015508200250016610000220019124501240021326000310033730000270036850000980039550000220049350400320051565000260054765000200057370000200059385600970061370554BD-RjUL20211209082020.0170418s1983 enk b 001 0 eng  a0471101222 :c$53.00 (U.S.) a(BD-RjUL)70768 aDLCcDLCdDLCdBD-RjULbeng1 aengger00a519.23223bSTC 19831 aStoyan, Dietrich.10aComparison methods for queues and other stochastic models /cDietrich Stoyan ; edited with revisions by Daryl J. Daley. aNew York :bWiley,cc1983. axiii, 217 p. ;c24 cm. aRevised translation of: Qualitative Eigenschaften und Abschätzungen stochastischer Modelle. aIncludes indexes. aBibliography: p. [183]-200. 0aStochastic processes. 0aQueuing theory.1 aDaley, Daryl J. 3Wiley series in probability and mathematical statistics.uApplied probability and statistics